| 000 | 00574nam a22002057a 4500 | ||
|---|---|---|---|
| 003 | OSt | ||
| 005 | 20170511161529.0 | ||
| 008 | 170511b xxu||||| |||| 00| 0 eng d | ||
| 040 |
_aDLC _cDLC _dDLC |
||
| 050 |
_aHB 171.5 _b.H37 1976 |
||
| 100 |
_942835 _aHarvey, J. |
||
| 245 |
_aIntermediate economics _cby J. Harvey. |
||
| 250 | _a3rd ed. | ||
| 260 |
_aHampshire : _bMacmillan Education, _cc1976. |
||
| 300 | _axviii, 494 p.; | ||
| 504 | _aIncludes bibliography and index. | ||
| 650 |
_aEconomics. _942836 |
||
| 650 |
_aEconomics _vTextbooks. _942837 |
||
| 942 |
_2lcc _cBK |
||
| 999 |
_c63229 _d63203 |
||